Production Efficiency in Company with Small Series Production
Výrobný proces a efektivita - čo ovplyvnilo výrobné systémy v minulosti, ale aj to, čo očakávajú v budúcnosti. Kritériá, podľa ktorých môžeme rozdeliť výrobu a faktory, ktoré na ňu pôsobia. Celková účinnosť zariadenia a jej rozšírenie, ako hlavná technika výpočtu efektívnosti. Pojmy produktivita, ef...
Salvato in:
| Autore principale: | |
|---|---|
| Altri autori: | , |
| Natura: | Capitolo di libro |
| Lingua: | inglese |
| Soggetti: | |
| Tags: |
Nessun Tag, puoi essere il primo ad aggiungerne!!
|
MARC
| LEADER | 00000naa a2200000 4500 | ||
|---|---|---|---|
| 001 | 0260822 | ||
| 005 | 20240502083745.8 | ||
| 041 | 0 | |a eng | |
| 044 | |a RS | ||
| 245 | 1 | 0 | |a Production Efficiency in Company with Small Series Production |c Naqibullah Daneshjo, Peter Malega, Erika Dudáš-Pajerská |
| 520 | |a Výrobný proces a efektivita - čo ovplyvnilo výrobné systémy v minulosti, ale aj to, čo očakávajú v budúcnosti. Kritériá, podľa ktorých môžeme rozdeliť výrobu a faktory, ktoré na ňu pôsobia. Celková účinnosť zariadenia a jej rozšírenie, ako hlavná technika výpočtu efektívnosti. Pojmy produktivita, efektívnosť a účinnosť. Zefektívnenie povrchových úprav, zvýšenie úspor a produktivity. | ||
| 610 | 2 | 0 | |a proces výrobný |
| 610 | 2 | 0 | |a efektívnosť |
| 610 | 2 | 0 | |a produktivita |
| 610 | 2 | 0 | |a revolúcia priemyselná |
| 610 | 2 | 0 | |a produkty |
| 100 | 1 | |a Daneshjo, Naqibullah, 1964- | |
| 700 | 1 | |a Malega, Peter | |
| 700 | 1 | |a Dudáš-Pajerská, Erika, 1988- | |